| 000 | 00522nam a2200169 i 4500 | ||
|---|---|---|---|
| 001 | 111051 | ||
| 003 | ES-MaACL | ||
| 005 | 20230906185229.0 | ||
| 007 | t| | ||
| 008 | 061121s1977 sp r ||||1| spa d | ||
| 245 | 0 | 0 |
_aNavegación deportiva _b: vela y motor / _ctraducido por Antonio M. Regueiro. |
| 260 |
_aMadrid : _bCentropress, _c1977. |
||
| 300 |
_a283 p., 89 lám. : _bil. ; _c31 cm. |
||
| 650 | 4 |
_aNavegación deportiva. _9164738 |
|
| 700 | 1 |
_aRegueiro, Antonio M. _995924 |
|
| 852 |
_aES-MaACL _jA-7989 _bR.97060 |
||
| 999 |
_c111051 _d111051 |
||